000 00397pam a2200157a 44500
008 230515b2006 xxu||||| |||| 00| 0 eng d
020 _a9.78185E+12
041 _aENGLISH
082 _aNULL
100 _aRIX M.
245 _aSUBTROPICAL AND DRY CLIMATE PLANTS.
250 _a1
260 _aLONDON
_bOCTOPUS PUBLISHING
_c2006
300 _a256
650 _aSUBTROPICAL AND DRY CLIMATE PLANTS.
999 _c479051
_d479051